书目信息 |
| 题名: |
钱文忠解读《百家姓》
|
|
| 作者: | 钱文忠 著 | |
| 分册: | ||
| 出版信息: | 南京 江苏文艺出版社 2014.11 |
|
| 页数: | 274页 | |
| 开本: | 26cm | |
| 丛书名: | ||
| 单 册: | ||
| 中图分类: | H194.1 | |
| 科图分类: | ||
| 主题词: | 汉语--语言教学 | |
| 电子资源: | ||
| ISBN: | 7-5399-7782-5 | |
| 000 | 00527nam0 2200193 450 | |
| 001 | 1434143115 | |
| 005 | 20141216100459.18 | |
| 010 | @a7-5399-7782-5@dCNY39.80 | |
| 100 | @a20141211d2014 km y0chiy0120 ea | |
| 101 | 0 | @achi |
| 102 | @aCN@b320000 | |
| 200 | 1 | @a钱文忠解读《百家姓》@f钱文忠著@Fqian wen zhong zhu |
| 210 | @a南京@c江苏文艺出版社@d2014.11 | |
| 215 | @a274页@d26cm | |
| 606 | 0 | @a汉语@x语言教学 |
| 690 | @aH194.1@v4 | |
| 701 | 0 | @a钱文忠@Aqian wen zhong@4著 |
| 801 | 0 | @aCN@b@c20141211 |
| 905 | @aZUCC@dH194.1@eQ2492 | |
| 钱文忠解读《百家姓》/钱文忠著.-南京:江苏文艺出版社,2014.11 |
| 274页;26cm |
| ISBN 7-5399-7782-5:CNY39.80 |
| ● |
| 相关链接 |
|
|
|
正题名:钱文忠解读《百家姓》
索取号:H194.1/Q2492
 
预约/预借
| 序号 | 登录号 | 条形码 | 馆藏地/架位号 | 状态 | 备注 |
| 1 | 495084 | 204950847 | 语言库209/209语言库 77排4列2层/ [索取号:H194.1/Q2492] | 在馆 |